[Event "Ciocaltea Memorial"]
[Site "Bucharest"]
[Date "2001.03.07"]
[Round "4"]
[White "Motylev, Alexander"]
[Black "Vajda, Levente"]
[Result "0-1"]
[WhiteElo "2570"]
[BlackElo "2454"]
[Annotator "Finkel,A"]
[PlyCount "72"]
[EventDate "2001.03.04"]
[EventType "tourn"]
[EventRounds "11"]
[EventCountry "ROU"]
[EventCategory "12"]
[SourceTitle "CBM 082"]
[Source "ChessBase"]
[SourceDate "2001.05.17"]
[SourceVersion "1"]
[SourceVersionDate "2001.05.17"]
[SourceQuality "1"]

1. e4 d6 2. d4 Nf6 3. Nc3 g6 4. f4 Bg7 5. Nf3 O-O 6. Bd3 Na6 7. O-O c5 8. d5
Nc7 9. a4 a6 10. a5 (10. Qe1 $5 Rb8 11. Qh4 b5 12. axb5 axb5 13. f5 c4 14. Be2
Bd7 15. Bh6 b4 16. Nd1 Bxh6 17. Qxh6 Nxe4 18. Nf2 $1 $40 {Ady,J-Kakageldyev,A/
Yerevan 1996/EXT 97 (24)}) (10. Re1 b6 11. Bc4 Bg4 12. h3 Bxf3 13. Qxf3 Nd7 14.
Qd3 Ra7 15. Be3 Kh8 16. Bf2 Qb8 17. Qg3 Rb7 $15 {[%cal Gb6b5] Loskutov,
O-Tseshkovsky,V/St Petersburg 1995/CBM 46 ext (46)}) 10... Nb5 $5 {Possible
continuation, however not solving all black's opening problems.} (10... Rb8 11.
Na4 Nd7 12. Nd2 e6 13. Qf3 exd5 14. exd5 Qh4 15. c3 Nf6 16. Bc4 Bg4 17. Qd3 Bf5
$11 {1-0 Caruso,A-Joksic,S/Mogliano Veneto 1993/EXT 2000 (43)}) (10... Bd7 11.
Qe1 Bb5 12. Qh4 Bxd3 13. cxd3 e6 14. f5 exf5 (14... exd5 15. exd5 Ncxd5 16. Bg5
Nxc3 17. bxc3 gxf5 18. Ra4 Qd7 19. Bxf6 Bxf6 20. Qxf6 Qxa4 21. Nh4 {1-0
Zuckerman,B-Benko,P/New York 1968/MCD (21)}) 15. Bg5 Rb8 16. exf5 b6 17. axb6
Rxb6 18. Nd2 $36 {Fressinet,L-Marcelin,C/Saint Vincent 2000/CBM 78 (28)}) 11.
Bd2 ({Not so bad was also} 11. Ne2 $5 Bg4 12. c4 Nc7 13. Nc3 $14 {and white is
clearly better.}) 11... Bd7 12. Re1 (12. Qe1 Nxc3 13. Bxc3 Bb5 14. Qe3 Bxd3 15.
Qxd3 Qd7 16. Nd2 $14) 12... Nxc3 13. bxc3 {Opening the b-file and intending to
put some pressure on the pawn on b7.} (13. Bxc3 $5 Bg4 14. h3 Bxf3 15. Qxf3 Ne8
16. e5 $14) 13... Bg4 14. c4 Nd7 15. Rb1 Rb8 16. Rb3 (16. h3 Bxf3 17. Qxf3 e5
18. f5 Bf6 19. Rf1 Bg5 20. Be1 $14) 16... e5 17. f5 Bf6 18. h3 Bxf3 19. Qxf3
Bg5 20. Bc3 $6 {The position demanded from white to exchange the bishops:} (20.
Bxg5 $5 Qxg5 21. Reb1 Qd2 22. c3 Nf6 23. Bf1 $16) 20... Qe7 21. Reb1 b6 $8 22.
axb6 Rb7 23. Ba5 (23. Ra1 Ra8 24. Ba5 Qf8 $1) 23... Rfb8 24. c3 Qf8 $1 25. Bc2
Qh6 (25... Bd8 $5 26. Qg4 Bxb6 27. fxg6 hxg6 $15) 26. Qd1 gxf5 27. exf5 Nf6 28.
R3b2 Be3+ 29. Kh1 Kh8 $1 $40 {Suddenly white finds himself under attack.} 30.
Ba4 $6 Rg8 31. Bc6 $2 (31. Qf3 e4 32. Qd1 Nh5 33. g4 Ng3+ 34. Kg2 Nxf5 35. Bc6
Nh4+ 36. Kh1 Nf3 37. Kg2 Rxg4+ 38. hxg4 Qh2+ 39. Kf1 Qg1+ 40. Ke2 Qf2#) (31.
Bc2 $5) 31... Ne4 $1 $19 32. Qf3 (32. Bxb7 Ng3+ 33. Kh2 Qf4 $1 $19 {[%cal
Gg3f1]}) 32... Ng3+ 33. Qxg3 (33. Kh2 e4 34. Qxg3 Bf4 35. Bxb7 Rxg3 36. Kh1
Rxh3+ 37. gxh3 Qxh3+ 38. Kg1 Be3+ 39. Rf2 Qg3+ $19) 33... Rxg3 34. Bxb7 Bc1 $1
{[%csl Rh1]} 35. Re2 (35. Rc2 Rxh3+ 36. gxh3 Qxh3+ 37. Rh2 (37. Kg1 Be3+ 38.
Rf2 Qg3+ 39. Kh1 Bxf2 $19) 37... Qf1#) 35... Qf4 36. Bc6 Rxh3+ $1 0-1

[Event "Olympiad-34"]
[Site "Istanbul"]
[Date "2000.11.05"]
[Round "8.2"]
[White "Polgar, Judit"]
[Black "Smirin, Ilia"]
[Result "1-0"]
[WhiteElo "2656"]
[BlackElo "2677"]
[Annotator "Finkel,A"]
[PlyCount "43"]
[EventDate "2000.10.28"]
[EventType "team-swiss"]
[EventRounds "14"]
[EventCountry "TUR"]
[SourceTitle "EXT 2001"]
[Source "ChessBase"]
[SourceDate "2000.11.22"]
[SourceVersion "1"]
[SourceVersionDate "2000.11.22"]
[SourceQuality "1"]
[WhiteTeam "Hungary"]
[BlackTeam "Israel"]
[WhiteTeamCountry "HUN"]
[BlackTeamCountry "ISR"]

1. e4 g6 2. d4 Bg7 3. Nc3 d6 4. f4 Nf6 5. Nf3 O-O 6. Be3 b6 7. Qd2 c5 (7... Bb7
8. e5 (8. Bd3 Na6 9. a3 c5 10. d5 Nc7 11. h3 b5 12. O-O e6 13. dxe6 Nxe6 $13 {
Rosen,W-Nau,G/World Seniors 2000}) 8... Ne4 (8... Ng4 9. O-O-O c5 10. dxc5 Nxe3
11. Qxe3 bxc5 12. Bc4 Nc6 13. Ng5 Nd4 14. h4 dxe5 15. fxe5 Qc7 $132 {Drbohlav,
F-Pribyl,M/Extraliga CZE 2000}) 9. Nxe4 Bxe4 10. Ng5 Bb7 11. O-O-O $36) 8.
O-O-O (8. d5 a6 (8... Nbd7 9. h3 Rb8 $5 (9... a6 10. a4 Rb8 11. e5 dxe5 12.
fxe5 Nh5 13. e6 fxe6 14. dxe6 Ne5 $13) 10. Bb5 $6 (10. a4) 10... a6 11. Bxd7
Qxd7 $1 12. e5 Ne8 13. O-O $6 Bb7 14. Rad1 Nc7 15. a3 $5 $14 {Sadler,
M-Plaskett,J/Hastings Premier 9798}) 9. e5 (9. a4 Bg4 10. Be2 Nbd7 11. e5 Ne8
12. e6 fxe6 13. Ng5 $16) 9... Nfd7 10. h4 dxe5 11. h5 e4 12. Ng5 $40 {Sadler,
M-Mestel,A/BCF-ch 1997}) 8... cxd4 9. Bxd4 Nc6 10. Bxf6 Bxf6 11. h4 $1 {
Polgar's play is fantastic:she simply doesn't give Smirin time to breeze!} (11.
e5 $2 dxe5 12. Qxd8 Rxd8 13. Rxd8+ Nxd8 14. fxe5 Bg7 15. Nd5 Bb7 $17 {Gomez
Jurado,L-Efimov,I/Andorra op 1993}) 11... Bg4 12. h5 $1 Bxh5 (12... Nb4 $6 13.
hxg6 hxg6 14. Bc4 Rc8 15. Bb3 $16 {[%csl Rg8][%cal Gd2f2,Gf2g3]}) 13. Rxh5 $1
gxh5 14. Qd5 Rc8 15. Qxh5 Bg7 (15... Bxc3 $2 16. Ng5 $1 $18) (15... Nb4 16. a3
$5 Rxc3 17. axb4 $1 Re3 18. e5 Bg7 19. Bd3 h6 20. Qf5 Re8 (20... Rxd3 21. Qxd3
Qc8 22. exd6 exd6 23. Qxd6 $16) 21. Qh7+ Kf8 22. Bb5 $16) 16. e5 $1 {[%cal
Gf1d3]} Qe8 $6 {More persistant was} (16... h6 $5 17. Bd3 (17. g4 Qe8 18. Bd3
Nb4 19. g5 f5 $1 $13) 17... Nb4 18. Be4 Qc7 19. a3 Nc6 20. Qf5 Rfd8 21. Nb5 Qb8
22. exd6 exd6 23. Qh7+ Kf8 24. Bf5 $40) 17. Qh3 $1 h6 (17... dxe5 18. Ng5 $1 h6
19. Qf5 $1 hxg5 20. Bd3 f6 21. Qh7+ Kf7 22. Bg6+ Ke6 23. f5#) 18. Bd3 Nb4 19.
Be4 e6 {[%csl Gf5]} (19... d5 20. Nxd5 Nxd5 21. Qf5 $18) 20. f5 $1 Rxc3 (20...
dxe5 21. f6 Bxf6 22. Qxh6 $18) 21. f6 $1 Qb5 22. Qg3 $1 (22. Qg3 Rxc2+ 23. Bxc2
Nxa2+ 24. Kd2 Qb4+ 25. Ke2 Qb5+ (25... Qc4+ 26. Ke1 Qb4+ 27. Rd2 $18) 26. Kf2
Qc5+ 27. Kf1 $18) 1-0

[Event "Olympiad-34"]
[Site "Istanbul"]
[Date "2000.11.08"]
[Round "11.4"]
[White "Blehm, Pawel"]
[Black "Nijboer, Friso"]
[Result "1/2-1/2"]
[WhiteElo "2510"]
[BlackElo "2537"]
[Annotator "Finkel,A"]
[PlyCount "81"]
[EventDate "2000.10.28"]
[EventType "team-swiss"]
[EventRounds "14"]
[EventCountry "TUR"]
[SourceTitle "EXT 2001"]
[Source "ChessBase"]
[SourceDate "2000.11.22"]
[SourceVersion "1"]
[SourceVersionDate "2000.11.22"]
[SourceQuality "1"]
[WhiteTeam "Poland"]
[BlackTeam "Netherlands"]
[WhiteTeamCountry "POL"]
[BlackTeamCountry "NED"]

1. e4 d6 2. d4 g6 3. Nc3 Bg7 4. f4 Nf6 5. Nf3 c5 6. Bb5+ Bd7 7. e5 Ng4 8. Bxd7+
(8. e6 fxe6 $5 9. Ng5 Bxb5 10. Nxe6 Bxd4 $1 $13) (8. h3 $5 Bxb5 (8... cxd4 9.
Qxd4 Bxb5 (9... dxe5 10. Qd5 (10. Qc4 $6 e4 11. hxg4 exf3 12. gxf3 Nc6 13. Bd2
a6 14. Bxc6 Bxc6 15. Qe2 Qc7 16. O-O-O O-O-O 17. Ne4 Qb6 18. Bc3 $10 {
Klovans-Gofshtein,URS-ch OT 1976}) 10... e4 11. Ng5 Nh6 12. Qxb7 Bxc3+ 13. bxc3
Bxb5 14. Qxa8 Bc6 15. Qxa7 $14 {Sigurjonsson,G-Vogt,L,Cienfuegos 1976}) (9...
Nh6 $5 10. g4 $5 $14 (10. Bd2 Nf5 11. Qf2 Bxb5 12. Nxb5 a6 13. Nc3 dxe5 14.
fxe5 Nc6 $132)) 10. Nxb5 Qa5+ $2 11. Qc3 $1 Qxc3+ 12. bxc3 $18) 9. Nxb5 dxe5 (
9... Qa5+ 10. Nc3 cxd4 11. Qxd4 Nh6 12. Bd2 Nc6 13. Qd5 Qxd5 14. Nxd5 O-O-O 15.
O-O-O dxe5 16. Bc3 Nf5 17. Nxe5 Nxe5 18. fxe5 e6 $10 {Zimmersman,R-Kunszt,K,
HUN-chT 1991-TD91_05}) 10. Qe2 e4 11. hxg4 (11. Qxe4 Qa5+ 12. Nc3 Nc6 $36)
11... exf3 12. Qxf3 {Coleman,D-Pein,M,BCF-ch 1988-TD88_02} Nc6 $15) 8... Qxd7
9. h3 (9. d5 dxe5 10. h3 e4 11. Nxe4 (11. hxg4 exf3 12. Qxf3 Na6 13. Bd2 O-O-O
14. O-O-O f5 15. gxf5 gxf5 $132 {Wahls,M-Kindermann,S/Bundesliga 98/99}) 11...
Nf6 12. Nxf6+ Bxf6 13. O-O Qd6 14. c4 Nd7 15. Qb3 Rb8 16. a4 a6 $13 {
Mikhalevski,V-Kanstler,B/Dov Porath mem 1997}) 9... cxd4 10. Qxd4 Nh6 11. g4 (
11. Qf2 Nc6 12. O-O O-O 13. Re1 Rad8 14. Be3 Nf5 15. Bxa7 Nxa7 16. Qxa7 dxe5
17. fxe5 Qc6 18. Qf2 h5 19. Re4 Rd7 20. Rae1 e6 21. Nd4 {1/2-1/2 Mikhalchishin,
A-Van Wely,L/Kecskemet Szechenyi 1991}) (11. Qe4 Nf5 12. Kf2 e6 13. g4 d5 14.
Qd3 Ne7 15. Nb5 O-O 16. Re1 Nbc6 $15 {Doehring,J-Weil,V/OLO-B 1993}) 11... dxe5
{The arising endgame is quiet unpleasent for black,but with accurate defense
he manages to hold the position.} (11... Nc6 12. Qe4 O-O 13. Bd2 dxe5 14. fxe5
Qe6 (14... f5 $142 $5 15. exf6 exf6 16. O-O-O Nf7 17. Bf4 $36) 15. O-O-O f5 $8
16. exf6 Qxe4 17. Nxe4 exf6 18. Nc5 $16 {Thorhallsson,T-Gretarsson,H/
Hafnarfirdi 1992}) 12. Qxd7+ Nxd7 13. fxe5 {[%csl Rh6]} f6 (13... Ng8 $2 14.
Bf4 h5 15. g5 O-O-O 16. O-O-O e6 17. Ne4 $16 {[%csl Rf7][%cal Ge4d6]}) 14. exf6
exf6 15. Bf4 Nb6 (15... O-O 16. O-O-O Nb6) 16. O-O-O O-O 17. Nb5 $5 $14 {
[%cal Gb5c7,Gc7e6]} Nf7 $6 {More accurate was} (17... f5 $5 18. g5 (18. Nc7
fxg4 {[%cal Gf8f3]} 19. Nxa8 Rxf4 20. Nxb6 Rxf3 21. Nd5 gxh3 22. Rd3 Rxd3 23.
cxd3 Nf5 $13) 18... Nf7 19. Nc7 Rac8 20. Ne6 Rfe8 21. Nxg7 Kxg7 22. Rhe1 $14)
18. Nc7 (18. Rhe1 $5 Rfe8 19. Nc7 (19. Rxe8+ Rxe8 20. Nxa7 Ra8 {[%cal Ga8a2]}
21. Nb5 Rxa2 22. Kb1 Ra5 $11) 19... Rxe1 20. Rxe1 Rd8 21. b3 Bf8 22. c4 Bd6 (
22... Rd3 23. Re3 Rxe3 24. Bxe3 Bh6 25. Kd2 $14) 23. Bxd6 Rxd6 24. Re8+ Kg7 25.
Kc2 $14) 18... Rad8 19. Nd4 Rd7 20. Nde6 Rc8 21. Rxd7 Nxd7 22. Rd1 (22. Nxg7
Kxg7 23. Ne6+ Kg8 24. Rd1 Nde5 25. c3 $14) 22... Nde5 23. Nd5 $1 Kh8 24. Be3 $6
{Just waste of time.} (24. Nxg7 Kxg7 25. b3 Rd8 26. Kb2 b5 $14) 24... Rc6 25.
Ndc7 a6 26. Bf4 Kg8 27. b3 Bf8 28. Kb1 (28. Nxf8 Kxf8 29. Nd5 $14) 28... Be7
29. c4 Bd8 30. Nxd8 Rxc7 31. Nxf7 Kxf7 32. Bxe5 (32. a4 $5 Rd7 33. Rxd7+ Nxd7
34. Kc2 Ke6 35. b4 Ne5 $11) 32... fxe5 33. Rd6 Ke7 34. Rb6 Rd7 35. c5 e4 36.
Rb4 Ke6 37. c6 (37. Rxe4+ Kd5 38. Rc4 Rc7 $11) 37... bxc6 38. Rxe4+ Kd5 39. Ra4
Rf7 $1 $11 40. Rxa6 Rf3 41. h4 1/2-1/2

[Event "EU-ch 6th"]
[Site "Warsaw"]
[Date "2005.06.26"]
[Round "8"]
[White "Beliavsky, Alexander G"]
[Black "Postny, Evgeny"]
[Result "1-0"]
[WhiteElo "2630"]
[BlackElo "2556"]
[Annotator "Finkel,A"]
[PlyCount "63"]
[EventDate "2005.06.18"]
[EventType "swiss"]
[EventRounds "13"]
[EventCountry "POL"]
[SourceTitle "CBM 108"]
[Source "ChessBase"]
[SourceDate "2005.09.26"]
[SourceVersion "1"]
[SourceVersionDate "2005.09.26"]
[SourceQuality "1"]

1. d4 d6 2. e4 g6 3. Nc3 Bg7 4. Be3 Nf6 5. h3 Nbd7 6. f4 $5 {Quite rare
variation which shouldn't be dangerous for black.} c5 (6... O-O 7. Qf3 (7. Be2
$6 c5 8. d5 $6 b5 9. Bxb5 Nxe4 10. Nxe4 Qa5+ 11. Nd2 Qxb5 $17 {Egyed,A-Gorda,F/
Hungary 1996}) 7... c6 8. g4 Qa5 9. O-O-O b5 10. Kb1 b4 11. Nce2 Nb6 12. Nc1
Na4 $13 {Seitler,A-Lauf,P/Slovakia 2002}) (6... c6 7. Qd2 Nb6 $6 8. Nf3 e6 9.
O-O-O d5 10. e5 Ng8 11. g4 $16 {Marco Francisco,M-Garcia Maezo,R/Peniscola 2002
}) 7. Nf3 cxd4 8. Bxd4 O-O 9. Qd2 (9. Bc4 Qc7 10. Bb3 Nc5 11. e5 dxe5 12. fxe5
Nfe4 13. Nxe4 Nxe4 14. O-O Nc5 15. Bc4 Be6 16. Qe2 Rac8 $11 {Fogarasi,
T-Beliavsky,A/Hungary 1997}) 9... Nc5 ({More in the spirit of the position was
} 9... e5 $5 10. fxe5 (10. Bf2 exf4 11. Qxf4 d5 12. O-O-O dxe4 13. Nxe4 Nxe4
14. Qxe4 Nf6 15. Qh4 Nd5 $11) 10... Nxe5 11. O-O-O Qa5 $13 {with mutual play.})
10. Bd3 b6 $2 {Black's play lacks creativity and energy, so white doesn't have
to do much to get a serious advantage.} (10... Ne6 $5 11. Bf2 d5 (11... Nh5 $6
12. f5 Nef4 13. g4 Nxd3+ 14. cxd3 Nf6 15. O-O-O $14) 12. e5 Ne4 13. Nxe4 dxe4
14. Bxe4 Qxd2+ 15. Nxd2 Nxf4 $13) 11. O-O-O Bb7 12. Rhe1 $16 {[%cal Ge4e5]} Qc8
13. g4 Rd8 14. f5 e5 (14... d5 15. exd5 (15. e5 Nfe4 16. Qf4 Nxc3 17. Bxc3 Ne4
18. Bxe4 dxe4 19. Rxd8+ Qxd8 20. Nd2 $16) 15... Nxd3+ 16. Qxd3 Nxd5 17. Nxd5
Bxd5 18. Bxg7 Kxg7 19. Rxe7 $16) 15. fxe6 Nxe6 16. Bxf6 $1 Bxf6 17. Nd5 Bxd5
18. exd5 Nc7 (18... Nc5 19. Qf4 Bg7 20. Re7 Rf8 21. Bb5 (21. Qxd6) 21... Qd8
22. Re2 $16) 19. Ng5 Rf8 (19... Bg7 $5 {[%cal Gg7h6]} 20. Qf2 Qd7 21. Ne4 Qa4
$14) 20. Rf1 Be5 21. Rf3 h6 22. Ne4 Kg7 23. g5 h5 24. Nf6 a6 25. Rdf1 Nb5 26.
Qe1 $1 $18 {[%cal Gf6h5,Ge1e4]} Rh8 (26... Ra7 27. Nxh5+ $1 gxh5 28. Qe4 Rh8
29. Rxf7+ $1 Rxf7 30. Qg6+ Kf8 31. Qxf7#) 27. Ng4 $1 hxg4 28. Rxf7+ Kg8 29. Qe4
{[%csl Rg6]} Bxb2+ 30. Kxb2 Qc3+ 31. Kb1 Rh7 32. Rxh7 1-0

[Event "Montreal-A 5th"]
[Site "Montreal"]
[Date "2004.08.06"]
[Round "3"]
[White "Charbonneau, Pascal"]
[Black "Lagno, Kateryna"]
[Result "1-0"]
[WhiteElo "2472"]
[BlackElo "2472"]
[Annotator "Finkel,A"]
[PlyCount "57"]
[EventDate "2004.08.04"]
[EventType "tourn"]
[EventRounds "11"]
[EventCountry "CAN"]
[EventCategory "12"]
[SourceTitle "CBM 103"]
[Source "ChessBase"]
[SourceDate "2004.11.11"]
[SourceVersion "1"]
[SourceVersionDate "2004.11.11"]
[SourceQuality "1"]

1. e4 d6 2. d4 Nf6 3. Nc3 g6 4. f4 Bg7 5. Nf3 O-O 6. Be3 b6 {The Ukrainian
prodigy is playing this risky line on the perminent basis.} 7. Qd2 (7. e5 Ng4
8. Qe2 Ba6 9. Qd2 Bb7 10. O-O-O dxe5 11. Nxe5 Nxe5 12. dxe5 Qxd2+ 13. Rxd2 Nc6
14. Be2 $14 {Carlsen,M-Lahno,K/Wijk aan Zee 2004}) 7... Bb7 8. e5 Ng4 9. O-O-O
{White isn't concerned about his dark-squared bishop, since his attacking
prospects on the kingside don't decrease if the bishop is being traded.} (9. e6
Bxf3 10. gxf3 Nxe3 11. Qxe3 f5 12. d5 c6 13. h4 Bxc3+ 14. Qxc3 cxd5 15. O-O-O
Qc8 $13 {Kotronias,V-Smirin,I/Moscow 2004}) (9. h3 Nxe3 10. Qxe3 Nc6 11. O-O-O
Nb4 12. g4 c5 13. d5 dxe5 14. Nxe5 Nxd5 15. Nxd5 Bxd5 16. Rh2 $18 {Ardelean,
G-Konjevic,D/Sozina 2004}) 9... c5 (9... dxe5 10. Nxe5 Nxe3 (10... Nxe5 11.
fxe5 c5 12. dxc5 Qxd2+ 13. Rxd2 Bxe5 14. Nd5 e6 $11 {Gormally,D-McNab,C/Oakham
2001}) 11. Qxe3 Nd7 12. Bb5 Nf6 13. d5 Qd6 14. Rhe1 a6 15. Bc6 $14 {Campora,
D-Torre,E/Moscow 1994}) 10. dxc5 bxc5 {The most principal continuation, even
though not the only one in the position.} (10... Qc8 11. cxd6 exd6 12. exd6
Bxc3 13. bxc3 Qe6 14. Bd4 Nc6 15. c4 Qxd6 16. Be5 Qxd2+ 17. Rxd2 Ne3 18. Bd3
Nxe5 19. Nxe5 Rfc8 {1/2-1/2 Sadler,M-Speelman,J/England 1996}) (10... Nxe3 11.
Qxe3 bxc5 12. Bc4 Nc6 13. Ng5 Nd4 14. h4 dxe5 15. fxe5 Qc7 $13 {Drbohlav,
F-Pribyl,M/Czechia 1999}) 11. Bxc5 {Entering the forced line, leading to
extremly complicated position with mutual chances.} Qa5 12. Ba3 dxe5 13. h3 Bh6
14. Ng5 exf4 15. Nxf7 Rxf7 16. hxg4 Bg5 17. Kb1 {Only this move appears to be
the novelty, although it;'s hardly an improvment comparing to the earlier game
Illescas-Marin:} (17. Ne4 Qxd2+ 18. Nxd2 f3 19. gxf3 Bxf3 20. Bc4 Bxh1 21. Rxh1
Nc6 22. Bxf7+ Kxf7 23. Rxh7+ Kf6 $44 {Illescas Cordoba,M-Marin,M/Mondariz 2002}
) 17... f3 18. Qf2 $5 {Very nice positional sacrifice.} (18. Qd8+ Qxd8 19.
Rxd8+ Kg7 20. gxf3 Bxf3 21. Rg1 e5 22. Bc4 Bxd8 23. Bxf7 $13) 18... fxg2 19.
Bxg2 ({Unfortunately for white the straightforward attempt to use the pin
doesn't work:} 19. Bc4 $2 Bd5 20. Bxd5 Qxd5 21. Nxd5 Rxf2 22. Rhg1 Na6 $17 {
[%csl Gc5]}) 19... Rxf2 20. Bxb7 Qc7 $5 {[%csl Rc2]} (20... Bf6 21. Ne4 Rf4 22.
g5 $5 Bxg5 23. Bd5+ e6 24. Bxa8 $44) 21. Bxa8 Bf6 22. Bd5+ Kg7 23. Bb3 {
Taking care of c2.} Bxc3 24. bxc3 Nc6 (24... Na6 $6 25. Rhe1 Nc5 26. Rd5 Nxb3
27. Rxe7+ Qxe7 28. Bxe7 Nd2+ 29. Kb2 $14) 25. Bc1 $1 {[%csl Rg7][%cal Gc1h6]
Reminding black that her king is in danger.} e5 $2 {Very bad decision. The
weakness of the seventh rank proves to be crucial.} (25... Ne5 $5 26. Bh6+ Kh8
27. Rd4 $15) (25... Qg3 $6 26. g5 Qf3 27. Rde1 (27. Bd5 $6 Qf5 28. Rd3 Nd4)
27... Qg2 28. Rh4 Rf8 29. Reh1 Rh8 30. Rf4 $1 $44) 26. Rh3 $36 {[%csl Rh7]
[%cal Gh3d3,Gd3d7,Gd1h1]} Kh8 (26... e4 27. Rdh1 Kh8 28. Rh6 Qg7 29. Bb2 $16 {
[%csl Rh8][%cal Gc3c4]}) 27. Rhd3 Rf8 $4 {Losing on the spot.} (27... h5 $8 28.
gxh5 gxh5 29. Rd6 $16) 28. Rd7 $18 Qc8 29. Bh6 1-0

[Event "Corus-B"]
[Site "Wijk aan Zee"]
[Date "2001.01.21"]
[Round "5"]
[White "Luther, Thomas"]
[Black "Gulko, Boris F"]
[Result "1-0"]
[WhiteElo "2544"]
[BlackElo "2622"]
[Annotator "Finkel,A"]
[PlyCount "83"]
[EventDate "2001.01.13"]
[EventType "tourn"]
[EventRounds "11"]
[EventCountry "NED"]
[EventCategory "10"]
[SourceTitle "CBM 081"]
[Source "ChessBase"]
[SourceDate "2001.03.20"]
[SourceVersion "1"]
[SourceVersionDate "2001.03.20"]
[SourceQuality "1"]

{[%mdl 705]} 1. e4 d6 2. d4 Nf6 3. Nc3 g6 4. f4 Bg7 5. Nf3 O-O 6. Bd3 Na6 $5 {
This continuation usually leads to very sharp struggle with mutual chances.
The following game is not an exception.} 7. O-O c5 8. d5 Bg4 9. a3 Nc7 10. Qe1
(10. h3 Bxf3 11. Qxf3 Nd7 (11... Rb8 12. a4 a6 13. a5 b5 14. axb6 Rxb6 15. Na4
Rb8 16. Bd2 $14 {Georgiev,V-Chatalbashev,B/BUL-ch rapid 1995}) (11... e6 12. f5
exd5 13. exd5 Nd7 14. Qg3 Be5 15. Bf4 Ne8 16. Bxe5 Nxe5 17. Ne4 $14 {
Zulfugarli,M-Kochetkov,G/Nikolaev zt 1995}) 12. f5 Rb8 13. Qg3 b5 14. Bg5 c4
15. Be2 Ne8 16. h4 Nef6 17. Bf3 b4 18. axb4 Rxb4 19. Bc1 Rxb2 $5 $132 {
Petrosian,K-Beim,V/Budapest FS08 GM 1995}) 10... Bxf3 (10... e6 11. dxe6 fxe6
12. Nh4 d5 13. e5 c4 14. exf6 Bxf6 15. Nxg6 hxg6 16. Bxg6 $13 {Arakhamia,
K-Zaichik,G/Tbilisi 1991}) 11. Rxf3 e6 12. dxe6 Nxe6 13. f5 $5 {Immideatly
starting actions on the kingside.} (13. Qh4 Nd7 14. Qxd8 Raxd8 15. Nd5 Nd4 16.
Rf2 b5 17. c3 Nb3 18. Rb1 c4 19. Bc2 Ndc5 $15 {Pokorna,R-Gurieli,N/Eu Team Ch 
(women) 1999}) 13... Nd4 14. Rh3 c4 $1 15. Bxc4 $8 (15. Ne2 Ng4 $1 $19) (15.
Be3 Ng4 $19) 15... Nxc2 16. Qh4 Nxa1 $2 {After this move black is helpless.} (
16... Qb6+ $1 17. Kh1 Qd4 $1 18. Bg5 (18. Nd5 $4 Qd1+ $19) 18... Nh5 19. fxg6
$1 hxg6 20. Nd5 (20. Bd5 $145 $1 Nxa1 21. g4 Rac8 22. gxh5 Rxc3 23. bxc3 Qd1+
24. Kg2 gxh5 25. Qxh5 Qxh5 26. Rxh5 {+/-/+/= (Luther in SCHACH 3/2001)}) 20...
Qxc4 $1 $19 (20... Nxa1 $2 {[%csl Rd4]} 21. Ne7+ Kh8 22. Qxh5+ $3 gxh5 23.
Rxh5+ Bh6 24. Rxh6+ Kg7 25. Nf5+ {[%cal Gf5g7,Gf5d4]})) 17. Nd5 $1 Nh5 (17...
h6 18. Bg5 $3 Qa5 (18... Rc8 19. Nxf6+ Bxf6 20. Qxh6 $1 $18 {[%csl Rg8]}) 19.
Bxh6 Nh5 (19... Nxd5 20. Bxg7 Kxg7 21. f6+ $1 Nxf6 22. Qh6+ Kg8 23. Qh8#) 20.
Bxg7 Qc5+ (20... Kxg7 21. f6+ Kh7 22. b4 Qa4 23. Qg4 $18 {[%csl Rh7][%cal
Gh3h5]}) 21. Kh1 Qxc4 22. Nf6+ Kxg7 23. Nxh5+ Kg8 24. Nf6+ Kg7 25. Ne8+ Raxe8
26. f6+ Kg8 27. Qh8#) 18. Bg5 Qa5 (18... f6 19. Nxf6+ Kh8 20. Nxh5 Qb6+ 21. Be3
Bd4 22. Nf4 $3 {[%csl Rh7][%cal Gh3h7]} Bxe3+ 23. Kh1 h5 24. Nxg6+ Kg7 25. Qe7+
Kh6 26. Rxh5+ $1 Kxh5 27. Qh4#) 19. fxg6 Qc5+ (19... hxg6 20. Ne7+ Kh7 21.
Qxh5+ gxh5 22. Rxh5+ Bh6 23. Rxh6+ Kg7 24. Nf5+ Qxf5 25. exf5 $14) (19... fxg6)
20. Be3 Qxc4 (20... Bd4 21. Ne7+ Kg7 (21... Kh8 22. g7+ $1 Kxg7 23. Nf5+ $18)
22. Nf5+ Kg8 23. gxh7+ $18) 21. Ne7+ Kh8 22. Qxh5 Qf1+ $8 23. Kxf1 fxg6+ 24.
Qf3 Rxf3+ 25. gxf3 $16 Bxb2 26. Nxg6+ Kg7 27. Ne7 Nc2 28. Nf5+ Kh8 $6 {[%csl
Rh8]} (28... Kg8 29. Bh6 Nxa3 30. Rg3+ Kf7 31. Nxd6+ Ke6 32. Nxb7 a5 $16) 29.
Bh6 Rd8 30. Rg3 Bf6 31. f4 Nd4 (31... b5 32. Rd3 $1 {[%csl Rd6]} a5 33. Nxd6
Rd7 34. e5 $18) 32. Nxd4 Bxd4 33. e5 Re8 (33... dxe5 34. Bg7+ Kg8 35. Bf6+ $18
{[%cal Gf6d8]}) 34. Bg5 $1 $18 Rf8 (34... Kg7 $8 35. exd6 Bf6 $18) 35. Bf6+
Rxf6 36. exf6 Bxf6 37. a4 d5 38. Rb3 b6 39. Rb5 d4 40. Rd5 Kg7 41. Rd7+ Kg6 42.
Rxa7 1-0